| 000 | 00408nam a2200145Ia 4500 | ||
|---|---|---|---|
| 008 | 231129s1999||||xx |||||||||||||| ||spa|| | ||
| 020 | _a958-9235-80-8 | ||
| 040 | _bspa | ||
| 082 | _aCo860.5 o65c | ||
| 100 | _aOrdoƱez Diaz Olegario | ||
| 245 | 0 | _aAnalisis literario cuentos de Tomas Carrasquilla (Colombia) | |
| 260 | _c1999 | ||
| 264 | _aEsquilo | ||
| 942 |
_2ddc _cBKS |
||
| 999 |
_c5106 _d5106 |
||